Nativity: Which Gospel? Quiz Stats

 Plays Quiz not verified by Sporcle

Support Sporcle.
Go Orange.
Score 0/10 Timer 03:00
0 Plays Today
Question Answer Wrong Answers
Jesus was born in Bethlehem Both
61.3%
Luke
18.8%
Matthew
11.8%
Jesus was born to a betrothed virgin whose name was Mary Both
57%
Luke
20.3%
Matthew
13.6%
Jesus was born in the time of Herod the Great Both
49.6%
Luke
20.6%
Matthew
21.2%
The Annunciation to the Shepherds
An angel appeared to the shepherds and told them about the Birth of Jesus
Luke
48.6%
Matthew
20.3%
Both
22%
The Holy Family fled into Egypt to escape the massacre of the Innocents Matthew
44.8%
Luke
24.3%
Both
22.7%
Mary and Joseph took the infant Jesus to the temple in Jerusalem 40 days after his Birth Luke
44.8%
Matthew
25%
Both
21.5%
Wise Men (the Magi) came to visit Jesus Matthew
42.8%
Luke
23.6%
Both
24.5%
The Angel Gabriel announced the coming birth to Mary Luke
42.5%
Matthew
19%
Both
29.4%
The Birth of Jesus took place in an inn instead of the family home Luke
41.9%
Matthew
16.6%
Both
33.1%
There was a census at the time of Jesus' birth Luke
38%
Matthew
19.8%
Both
33%

You're not logged in!

Compare scores with friends on all Sporcle quizzes.
OR
Log In

From the Vault

Matching Books II

by slipkid

The best part of this quiz is matching the wrong answers. It's like writing your own novel. Kind of.
Remove Ads.
Support Sporcle.
Get the best of Sporcle when you Go Orange. This ad-free experience offers more features, more stats, and more fun while also helping to support Sporcle. Thank you for becoming a member.

Show Comments

Extras

Top Quizzes Today


Score Distribution

Your Account Isn't Verified!

In order to create a playlist on Sporcle, you need to verify the email address you used during registration. Go to your Sporcle Settings to finish the process.

Report this User

Report this user for behavior that violates our Community Guidelines.

Details: